Architectural rendering techniques/a color reference
Αποθηκεύτηκε σε:
| Κύριος συγγραφέας: | |
|---|---|
| Μορφή: | Βιβλίο |
| Γλώσσα: | English |
| Δημοσίευση: |
New York :
Van Nostrand Reinhold,
1985
|
| Θέματα: | |
| Ετικέτες: |
Προσθήκη ετικέτας
Δεν υπάρχουν, Καταχωρήστε ετικέτα πρώτοι!
|
MARC
| LEADER | 00000nam a2200000 i 4500 | ||
|---|---|---|---|
| 001 | 1/68749 | ||
| 008 | 931207s1985 eng d | ||
| 020 | |a 0-442-25953-0 | ||
| 035 | |a ΛΕΣΒΟΣb10002123 |l 10002123 | ||
| 040 | |a GR-MY-UA |b gre |e aacr | ||
| 041 | 0 | |a eng | |
| 082 | 0 | |a 720.284 | |
| 100 | 1 | |a Lin, Mike W. | |
| 245 | 1 | 0 | |a Architectural rendering techniques/a color reference / |c Mike W. Lin |
| 260 | |a New York : |b Van Nostrand Reinhold, |c 1985 | ||
| 300 | |a 252 p. |b ill | ||
| 500 | |a Bibliography: p.249. | ||
| 650 | 0 | 0 | |a Architectural rendering |x Technique. |
| 852 | |a INST |b LESVOS |e 19931207 |h 720.284 LIN |p 005100004885 |q 005100004885 |t BK |y 0 | ||
| 909 | |a Λ |b 032781 | ||